000 01219cam a22003014a 4500
001 13815767
005 20251103145148.0
008 041213s2005 enka b 001 0 eng
020 _a1405127481
_qpbk. : alk. paper
020 _a9781405127486
_qpbk. : alk. paper
050 0 0 _aRT98
_b.C6315 2005
082 0 0 _a610.73/43
_222
245 0 0 _aCommunity health care nursing /
_c[edited by] David Sines, Frances Appleby, Marion Frost.
250 _a3rd ed.
260 _aOxford, UK ;
_aMalden, MA :
_bBlackwell Pub.,
_cc2005.
300 _axii, 324 p. :
_bill. ;
_c25 cm.
650 0 _aCommunity health nursing
_zGreat Britain.
650 0 _aPrimary health care
_zGreat Britain.
650 1 2 _aCommunity Health Nursing
_zGreat Britain.
650 2 2 _aPrimary Health Care
_zGreat Britain.
700 1 _aSines, David.
700 1 _aAppleby, Frances M.
700 1 _aFrost, Marion.
856 4 1 _3Table of contents
_uhttp://www.loc.gov/catdir/toc/ecip055/2004029552.html
856 4 2 _3Contributor biographical information
_uhttp://www.loc.gov/catdir/enhancements/fy0802/2004029552-b.html
856 4 2 _3Publisher description
_uhttp://www.loc.gov/catdir/enhancements/fy0802/2004029552-d.html
942 _2lcc
_cBK
_e3rd ed.
_n0
999 _c7998
_d7998